1722 1167 1084 1622 1822 1139 1593 1741 1793 1271 1506 1836 1449 1949 1836 1073 1701 1598 1127 1094 1809 1576 1514 1471 1239 1813 1417 1263 1928 1809 1309 1322 1123 1794 1140 1199 1122 1349 1091 1943 1562 1076 1404 1846 1552 1095 1537 1870 1337 1911 1552 1427 1885 1311 1597 1306 1009 1138 1722 1745 1638 1134 1258 1835 1669 1073 1855 1895 1276 1715 1460 1031 1404 1883 1153 1400 1469 1967 1540 1323 1546 1429 1897 1140 1530 1046 1877 1460 1248 1407 1971 1193 1342 1166 1961 1089 1887 1909 1842 BCNSPRNW ULIB Ver.6.0+V

เปลี่ยนเป็นภาษาไทย

Change to English
 แสดงรายละเอียดบรรณานุกรม
  กลับหน้าหลัก

Brief Record : Get Marc (ISO 2709) : E-mail record : QR code < ปิดหน้าต่าง
LEADER : 00000nam a2200000Ia 4500
001    13399125500
003     ULIB
008    160818s2558 th a 000 0 tha d
020    ^a9786162104015
040    ^acl
060 04 ^aWG120^bป231ฮ
100 0  ^aประชา กัญญาประสิทธิ์.
245 10 ^aฮือฮาสูตรยาหมอเบิร์ด ล้างเส้นเลือดให้เรียบใสใน 3 เดือน /^cประชากัญญาประสิทธิ์ รวบรวมและเรียบเรียง : พินิจ จันทร, ถนอมศักดิ์ จิรายุสวัสดิ์
260    ^aกรุงเทพฯ :^bปัญญาชน,^c2558
300    ^a152 หน้า :^bภาพประกอบ ;^c21 ซม.
505 0  ^aรู้ทันโรคอัมพฤกษ์ อัมพาต -- สุดยอด 3 สมุนไพรหมอเบิร์ด
650  0 ^aParalysis
650  0 ^aCerebrovascular disease
650  0 ^aCardiovascular system^xDiseases^xNutritional aspects.
650  0 ^aHerbs
650  4 ^aอัมพาต
650  4 ^aหลอดเลือดสมอง^xโรค
650  4 ^aระบบหัวใจและหลอดเลือด^xโรค^xแง่โภชนาการ
650  4 ^aสมุนไพร^xการใช้รักษา
700 0  ^aพินิจ จันทร.
700 0  ^aถนอมศักดิ์ จิรายุสวัสดิ์.
945    ^p125^l0^i25197
945    ^p125^l0^i25198
945    ^p125^l0^i25199
995    ^aกัณชพร
999    ^aกัณชพร
รายการนี้ยังไม่มีแท็ก
คุณยังไม่ได้ล็อกอิน คุณสามารถมีกิจกรรมร่วมกับเว็บไซต์ได้ แต่ต้องล็อกอินก่อน ::
  ล็อกอิน

รายการสื่อสารสนเทศ

ลำดับที่ ประเภท เลขเรียก/บาร์โค้ด สถานที่ สถานะ
1. หนังสือสำรอง
หนังสือสำรอง
WG120 ป231ฮ ฉ.1 
  Barcode: 25197
ห้องสมุดวิทยาเขตนครสวรรค์
►หนังสือทั่วไป:l:General Books
บนชั้น
2. วิทยาศาสตร์การแพทย์ และสุขภาพ
วิทยาศาสตร์การแพทย์ และสุขภาพ
WG120 ป231ฮ ฉ.2 
  Barcode: 25198
ห้องสมุดวิทยาเขตนครสวรรค์
►หนังสือทั่วไป:l:General Books
บนชั้น
3. วิทยาศาสตร์การแพทย์ และสุขภาพ
วิทยาศาสตร์การแพทย์ และสุขภาพ
WG120 ป231ฮ ฉ.3 
  Barcode: 25199
ห้องสมุดวิทยาเขตนครสวรรค์
►หนังสือทั่วไป:l:General Books
บนชั้น

รายการใกล้เคียง
    ผู้แต่ง [ประชา กัญญาประสิทธิ์.]

    หัวเรื่อง [Paralysis]
    หัวเรื่อง [Cerebrovascular disease]
    หัวเรื่อง [Herbs]
    หัวเรื่อง [อัมพาต]

BibComment


ยังไม่เคยถูกคอมเมนท์

คอมเมนท์ทรัพยากรรายการนี้
  คอมเมนท์: ฮือฮาสูตรยาหมอเบ..


 Copyright 2026. Bcnsprnw @Library